书目信息 |
| 题名: |
组织胚胎学复习提要与习题
|
|
| 作者: | 周作民 , 徐邦生 , 王新亭 主编 | |
| 分册: | ||
| 出版信息: | 南京 东南大学出版社 2004.04 |
|
| 页数: | 232页 | |
| 开本: | 21cm | |
| 丛书名: | ||
| 单 册: | ||
| 中图分类: | R329.1 | |
| 科图分类: | ||
| 主题词: | 人体组织学--人体胚胎学--医学院校--教学参考资料 | |
| 电子资源: | ||
| ISBN: | 7-81089-561-3 | |
| 000 | 00903nam0 2200241 450 | |
| 001 | 0159670172 | |
| 005 | 20051110152215.45 | |
| 010 | @a7-81089-561-3@dCNY11.00 | |
| 100 | @a20050428d2004 km y0chiy0120 ea | |
| 101 | 0 | @achi |
| 102 | @aCN@b320000 | |
| 105 | @ay z 000yy | |
| 200 | 1 | @a组织胚胎学复习提要与习题@Azu zhi pei tai xue fu xi ti yao yu xi ti@f周作民, 徐邦生, 王新亭主编@Fzhou zuo min,xu bang sheng,wang xin ting zhu bian |
| 210 | @a南京@c东南大学出版社@d2004.04 | |
| 215 | @a232页@d21cm | |
| 330 | @a本书针对组织胚胎学概论、细胞、免疫系统、胚胎早期发生等内容提供了同步知识重点、难点提示、学习要求,及相关练习。 | |
| 606 | 0 | @a人体组织学@x人体胚胎学@x医学院校@j教学参考资料 |
| 690 | @aR329.1@v4 | |
| 701 | 0 | @a周作民@Azhou zuo min@4主编 |
| 701 | 0 | @a徐邦生@Axu bang sheng@4主编 |
| 701 | 0 | @a王新亭@Awang xin ting@4主编 |
| 801 | 0 | @aCN@bQSSK@c20051110 |
| 905 | @a10447@dR329.1@eZ814 | |
| 组织胚胎学复习提要与习题/周作民, 徐邦生, 王新亭主编.-南京:东南大学出版社,2004.04 |
| 232页;21cm |
| ISBN 7-81089-561-3:CNY11.00 |
| 本书针对组织胚胎学概论、细胞、免疫系统、胚胎早期发生等内容提供了同步知识重点、难点提示、学习要求,及相关练习。 |
| ● |
| 相关链接 |
|
|
|
正题名:组织胚胎学复习提要与习题
索取号:R329.1/Z814
 
预约/预借
| 序号 | 登录号 | 条形码 | 馆藏地/架位号 | 状态 | 备注 |
| 1 | 573515 | 205735150 | 自科库401/401自科库 14排2列1层/ [索取号:R329.1/Z814] | 在馆 | |
| 2 | 573516 | 205735169 | 自科库401/401自科库 14排2列1层/ [索取号:R329.1/Z814] | 在馆 | |
| 3 | 573517 | 205735178 | 自科库401/401自科库 14排2列1层/ [索取号:R329.1/Z814] | 在馆 |